| 000 | 00493nam a2200181Ia 4500 | ||
|---|---|---|---|
| 003 | LDD | ||
| 008 | 181101s9999 xx 000 0 und d | ||
| 020 |
_a9788175875265 _c62.00 |
||
| 040 | _cLDD | ||
| 100 | _aKhan, Rasheed Hasan | ||
| 245 | 0 |
_aInsha-e-Ghalib _cRasheed Hasan Khan |
|
| 260 |
_aDelhi _bMaktaba Jamia Ltd. |
||
| 300 | _a147p. | ||
| 901 |
_a15921 _b17-03-2017 |
||
| 902 |
_a2841 _b17-03-2017 _cF _dPIBD _e8U |
||
| 903 |
_a20 _bReqst by : Moh.Akbar |
||
| 942 |
_2ddc _cUR |
||
| 999 |
_c417 _d417 |
||